La historia en el Perú. Tesis para el doctorado en letras.

Kaydedildi:
Detaylı Bibliyografya
Yazar: Riva Aguero, José de la (autor)
Materyal Türü: Kitap
Dil:İngilizce
Baskı/Yayın Bilgisi: Lima, Perú: Pontificia Universidad Católica del Perú, 2010.
Konular:
Etiketler: Etiketle
Etiket eklenmemiş, İlk siz ekleyin!

MARC

LEADER 00000nam a22000007a 4500
003 CL-VaPUC
005 20220822114704.0
008 220721t2010 ||||| |||| 00| 0 eng d
999 |c 437386  |d 437384 
040 |c Pontificia Universidad Católica de Valparaíso 
082 0 4 |a 985 RIV 2010   |2 22 
100 |a Riva Aguero, José de la  |e autor  |9 429884 
245 1 3 |a La historia en el Perú.   |b Tesis para el doctorado en letras.  
250 |b Edición facsimilar, 1910. 
260 |a Lima, Perú:  |b Pontificia Universidad Católica del Perú,   |c 2010. 
300 |a 559 páginas.  
500 |a c.1 Donación Familia Prof. Alejandro Guzmán Brito. 
583 |a last modification  |c 20130925 06:18:06  |k Yessy Sthefany Diaz Vidal 
651 0 |a Perú  |9 256567  |x Historia  
942 |c BK  |2 ddc  |n 0 
952 |0 0  |1 0  |2 ddc  |4 0  |6 985_000000000000000_RIV_2010  |7 1  |8 C_AGB  |9 585151  |a BIBDER  |b BIBDER  |d 2022-07-21  |e Donación   |i 5653237  |o 985 RIV 2010  |p 5653237  |r 2023-01-25  |t 1  |w 2022-07-21  |y BK_US  |k AGB